000 00335nam a2200133Ia 4500
005 20260328104326.0
008 260328s9999||||xx |||||||||||||| ||und||
100 _aMorales, Alfredo
245 0 _aPatrimonio Histórico - artistico /
_cAlfredo Morales
260 _bHistoria 16
300 _a145 p.
650 _aHISTORIA
942 _cBK
999 _c11511
_d11511